LEADER 01088nam0-2200349---450- 001 990009850050403321 005 20140429144447.0 010 $a978-88-7916-612-6 035 $a000985005 035 $aFED01000985005 035 $a(Aleph)000985005FED01 035 $a000985005 100 $a20140416d2012----km-y0itay50------ba 101 0 $aita 102 $aIT 105 $ay-------001yy 200 1 $aEtiche dell'ambiente$evoci e prospettive$fa cura di Matteo Andreozzi$gprefazione di Serenella Iovino$gsaggi di R.R. Acampora ... [et al.] 210 $aMilano$cLed$d2012 215 $a432 p.$d22 cm 225 1 $aIrene : Interdisciplinary Researches on Ethics and Natural Environment 610 0 $aUomo e ambiente naturale$aAspetti morali 676 $a179.1$v22$zita 702 1$aAndreozzi,$bMatteo 702 1$aIovino,$bSerenella 702 1$aAcampora,$bRalph R. 801 0$aIT$bUNINA$gREICAT$2UNIMARC 901 $aBK 912 $a990009850050403321 952 $aVII C 502$b49962$fFSPBC 959 $aFSPBC 996 $aEtiche dell'ambiente$9825818 997 $aUNINA LEADER 01281nam--2200421---450- 001 990000426690203316 010 $a88-348-0525-9 035 $a0042669 035 $aUSA010042669 035 $a(ALEPH)000042669USA01 035 $a0042669 100 $a20010504d1976----km-y0itay0103----ba 101 $aita 102 $aIT 105 $a||||||||001yy 200 1 $a<> teoria delle forme di governo nella storia del pensiero politico$eanno accademico 1975-76$fNorberto Bobbio 210 $aTorino$cG. Giappichelli$d1976 215 $a212 p.$d24 cm 225 2 $aCorsi universitari 410 $12001$aCorsi universitari 461 1$1001-------$12001 606 0 $aRegime politico$xTeorie 676 $a320.854 700 1$aBOBBIO,$bNorberto$024662 801 0$aIT$bsalbc$gISBD 912 $a990000426690203316 951 $aAAC 10$b3476 G.$cAAC 951 $aAAC 10$b3477 G.$cAAC 951 $aAAC 10$b3478 G.$cAAC 951 $aAAC 10$b3479 G.$cAAC 951 $aAAC 10$b3480 G.$cAAC 959 $aBK 969 $aGIU 979 $aPATTY$b90$c20010504$lUSA01$h1414 979 $c20020403$lUSA01$h1651 979 $aPATRY$b90$c20040406$lUSA01$h1630 996 $aTeoria delle forme di governo nella storia del pensiero politico$963794 997 $aUNISA